Demographics of Melbourne 2021 - Language spoken at home by region - Statistics

General Stats
  • This quiz has been taken 67 times
  • The average score is 11 of 16
Answer Stats
Answer % Correct
Arabic
97%
Hindi
92%
Italian
92%
Mandarin
92%
Spanish
88%
Vietnamese
85%
Greek
83%
German
81%
Cantonese
78%
Russian
64%
Urdu
59%
Punjabi
58%
Turkish
58%
Persian
49%
Sinhalese
36%
Macedonian
22%
No matching quizzes found
Score Distribution
Percent of People with Each Score
Percentile by Number Answered
Your Score History
You have not taken this quiz